Tony Award Winners for Best Actor in a Play - Statistics

General Stats
  • This quiz has been taken 78 times
    28 since last reset
  • The average score is 28 of 82
Answer Stats
Year Play Actor % Correct
2010 Fences Denzel Washington
77%
1987 Fences James Earl Jones
77%
1969 The Great White Hope James Earl Jones
77%
1977 The Basic Training of Pavlo Hummel Al Pacino
69%
2016 The Father Frank Langella
62%
2007 Frost/Nixon Frank Langella
62%
2019 Network Bryan Cranston
54%
2014 All the Way Bryan Cranston
54%
2012 One Man, Two Guvnors James Corden
54%
1952 The Shrike José Ferrer
54%
1947 Cyrano de Bergerac José Ferrer
54%
1949 Anne of the Thousand Days Rex Harrison
54%
2023 Good Night, Oscar Sean Hayes
54%
2018 Angels in America Andrew Garfield
46%
2025 Oh, Mary! Cole Escola
46%
1983 Torch Song Trilogy Harvey Fierstein
46%
1981 Amadeus Ian McKellen
46%
1984 The Real Thing Jeremy Irons
46%
2011 Jerusalem Mark Rylance
46%
2008 Boeing-Boeing Mark Rylance
46%
1962 A Man for All Seasons Paul Scofield
46%
1995 Hamlet Ralph Fiennes
46%
2006 The History Boys Richard Griffiths
46%
2002 Fortune's Fool Alan Bates
38%
1973 Butley Alan Bates
38%
1997 Barrymore Christopher Plummer
38%
1985 Much Ado About Nothing Derek Jacobi
38%
1957 Long Day's Journey into Night Fredric March
38%
1947 Years Ago Fredric March
38%
1966 Mark Twain Tonight! Hal Holbrook
38%
1948 Mister Roberts Henry Fonda
38%
1959 The Disenchanted Jason Robards
38%
2024 An Enemy of the People Jeremy Strong
38%
2017 Present Laughter Kevin Kline
38%
1948 Command Decision Paul Kelly
38%
1965 The Odd Couple Walter Matthau
38%
1964 Dylan Alec Guinness
31%
1955 Quadrille Alfred Lunt
31%
2005 Who's Afraid of Virginia Woolf? Bill Irwin
31%
2003 Long Day's Journey into Night Brian Dennehy
31%
1999 Death of a Salesman Brian Dennehy
31%
2009 Exit the King Geoffrey Rush
31%
1992 Conversations with My Father Judd Hirsch
31%
1986 I'm Not Rappaport Judd Hirsch
31%
1960 The Best Man Melvyn Douglas
31%
1991 Shadowlands Nigel Hawthorne
31%
1958 Sunrise at Campobello Ralph Bellamy
31%
1993 Angels in America: Millennium Approaches Ron Leibman
31%
1994 Angels in America: Perestroika Stephen Spinella
31%
1953 The Seven Year Itch Tom Ewell
31%
2013 Who's Afraid of Virginia Woolf? Tracy Letts
31%
1961 Rhinocéros Zero Mostel
31%
1978 Da Barnard Hughes
23%
1996 A Delicate Balance George Grizzard
23%
1980 Children of a Lesser God John Rubinstein
23%
1976 Travesties John Wood
23%
1968 You Know I Can't Hear You When the Water's Running Martin Balsam
23%
1967 The Homecoming Paul Rogers
23%
1990 Tru Robert Morse
23%
2022 The Lehman Trilogy Simon Russell Beale
23%
2000 The Real Thing Stephen Dillane
23%
1979 Whose Life Is It Anyway? Tom Conti
23%
2015 The Curious Incident of the Dog in the Night-Time Alex Sharp
15%
2020 The Inheritance Andrew Burnap
15%
1998 A View from the Bridge Anthony LaPaglia
15%
1963 Who's Afraid of Virginia Woolf? Arthur Hill
15%
1948 The Heiress Basil Rathbone
15%
1971 The School for Wives Brian Bedford
15%
1951 Darkness at Noon Claude Rains
15%
1972 Lenny Cliff Gorman
15%
1954 The Teahouse of the August Moon David Wayne
15%
1970 Child's Play Fritz Weaver
15%
2004 I Am My Own Wife Jefferson Mays
15%
1975 Sizwe Banzi is Dead/The Island John Kani
15%
1974 Find Your Way Home Michael Moriarty
15%
1956 Inherit the Wind Paul Muni
15%
1989 Lend Me a Tenor Philip Bosco
15%
2001 The Invention of Love Richard Easton
15%
1982 The Life and Adventures of Nicholas Nickleby Roger Rees
15%
1988 Speed-the-Plow Ron Silver
15%
1950 Come Back, Little Sheba Sidney Blackmer
15%
1975 Sizwe Banzi is Dead/The Island Winston Ntshona
15%
No matching quizzes found
Score Distribution
Percent of People with Each Score
Percentile by Number Answered
Your Score History
You have not taken this quiz since the last reset